Material certification and material-certification effectiveness / (Record no. 529460)
[ view plain ]
| 000 -LEADER | |
|---|---|
| fixed length control field | 01271nam a2200313 a 4500 |
| 001 - CONTROL NUMBER | |
| control field | 2352303 |
| 003 - CONTROL NUMBER IDENTIFIER | |
| control field | NUST |
| 005 - DATE AND TIME OF LATEST TRANSACTION | |
| control field | 20190926122457.0 |
| 008 - FIXED-LENGTH DATA ELEMENTS--GENERAL INFORMATION | |
| fixed length control field | 831121s1983 dcu f000 0 eng |
| 010 ## - LIBRARY OF CONGRESS CONTROL NUMBER | |
| LC control number | 83051361 |
| 020 ## - INTERNATIONAL STANDARD BOOK NUMBER | |
| International Standard Book Number | 0309035635 (pbk.) : |
| Terms of availability | $6.00 |
| 038 ## - RECORD CONTENT LICENSOR | |
| Staff Name | MSOHAIL |
| 040 ## - CATALOGING SOURCE | |
| Original cataloging agency | DLC |
| Transcribing agency | DLC |
| Modifying agency | DLC |
| 050 00 - LIBRARY OF CONGRESS CALL NUMBER | |
| Classification number | TE203 |
| Item number | .S65 1983 |
| 082 00 - DEWEY DECIMAL CLASSIFICATION NUMBER | |
| Classification number | 625.7 |
| Edition number | 19 |
| 100 1# - MAIN ENTRY--PERSONAL NAME | |
| Personal name | Smith, Nathan L. |
| 9 (RLIN) | 21570 |
| 245 10 - TITLE STATEMENT | |
| Title | Material certification and material-certification effectiveness / |
| Statement of responsibility, etc. | Nathan L. Smith, Jr. |
| 260 ## - PUBLICATION, DISTRIBUTION, ETC. | |
| Place of publication, distribution, etc. | Washington, D.C. : |
| Name of publisher, distributor, etc. | Transportation Research Board, |
| Date of publication, distribution, etc. | [1983] |
| 300 ## - PHYSICAL DESCRIPTION | |
| Extent | 17 p. ; |
| Dimensions | 28 cm. |
| 440 #0 - SERIES STATEMENT/ADDED ENTRY--TITLE | |
| Title | Synthesis of highway practice, |
| International Standard Serial Number | 0547-5570 ; |
| Volume/sequential designation | 102 |
| 9 (RLIN) | 21571 |
| 500 ## - GENERAL NOTE | |
| General note | "Research sponsored by the American Association of State Highway and Transportation Officials in cooperation with the Federal Highway Administration." |
| 500 ## - GENERAL NOTE | |
| General note | "November 1983." |
| 650 #0 - SUBJECT ADDED ENTRY--TOPICAL TERM | |
| Topical term or geographic name entry element | Road materials |
| General subdivision | Specifications. |
| 9 (RLIN) | 21572 |
| 710 2# - ADDED ENTRY--CORPORATE NAME | |
| Corporate name or jurisdiction name as entry element | National Research Council (U.S.). |
| Subordinate unit | Transportation Research Board. |
| 9 (RLIN) | 19676 |
| 710 2# - ADDED ENTRY--CORPORATE NAME | |
| Corporate name or jurisdiction name as entry element | American Association of State Highway and Transportation Officials. |
| 9 (RLIN) | 19553 |
| 710 1# - ADDED ENTRY--CORPORATE NAME | |
| Corporate name or jurisdiction name as entry element | United States. |
| Subordinate unit | Federal Highway Administration. |
| 9 (RLIN) | 20149 |
| 906 ## - LOCAL DATA ELEMENT F, LDF (RLIN) | |
| a | 7 |
| b | cbc |
| c | orignew |
| d | 2 |
| e | ocip |
| f | 19 |
| g | y-gencatlg |
| 942 ## - ADDED ENTRY ELEMENTS (KOHA) | |
| Source of classification or shelving scheme | |
| Koha item type | Book |
| Withdrawn status | Lost status | Source of classification or shelving scheme | Damaged status | Not for loan | Permanent Location | Current Location | Date acquired | Total Checkouts | Full call number | Barcode | Date last seen | Price effective from | Koha item type |
|---|---|---|---|---|---|---|---|---|---|---|---|---|---|
| School of Civil and Environmental Engineering (SCEE) | School of Civil and Environmental Engineering (SCEE) | 09/26/2019 | 625.7 | NIT-10915 | 09/26/2019 | 09/26/2019 | Book |
